Statistics for Hand of the King Quiz (ASOIAF / Game of Thrones)

Click here to take the quiz!

General Stats

  • This quiz has been taken 384 times
  • The average score is 30 of 56

Answer Stats

RulerHandAlias% Correct
King Joffrey I BaratheonLord Tywin LannisterThe Great Lion of the Rock
97%
King Tommen I BaratheonLord Tywin LannisterThe Great Lion of the Rock
97%
King Aerys II Targaryen Lord Tywin LannisterThe Great Lion of the Rock
97%
King Robert I BaratheonLord Jon Arryn-
95%
Claimant: King Aegon VI TargaryenLord Jon ConningtonGriff
95%
King Aerys II Targaryen Lord Jon ConningtonGriff
95%
King Aegon IV Targaryen Lord Jon Hightower-
94%
King Joffrey I BaratheonTyrion LannisterThe Imp
94%
King Robert I BaratheonLord Eddard StarkThe Ned
92%
Claimant: King Stannis I BaratheonLord Davos SeaworthThe Onion Lord
89%
Claimant: Queen Daenerys I TargaryenSer Barristan Selmythe Bold
86%
Claimant: King Renly I BaratheonLord Mace TyrellLord Oaf
85%
King Tommen I BaratheonLord Mace TyrellLord Oaf
85%
King Maekar I TargaryenSer Brynden RiversLord Bloodraven
76%
King Aerys I Targaryen Ser Brynden RiversLord Bloodraven
76%
King Aegon I Targaryen Lord Orys BaratheonOne-Hand
72%
King Aenys I TargaryenPrince Maegor Targaryenthe Cruel
72%
Claimant: Queen Rhaenyra I TargaryenLord Corlys VelaryonThe Sea Snake
70%
King Viserys I Targaryen Ser Otto Hightower-
69%
King Jaehaerys I Targaryen Ser Otto Hightower-
69%
King Viserys I Targaryen Ser Otto Hightower-
69%
King Aegon II TargaryenSer Otto Hightower-
69%
King Daeron II Targaryen Prince Baelor TargaryenBreakspear
68%
King Aegon III Targaryen Lord Cregan StarkThe Old Man of the North
67%
King Baelor I TargaryenPrince Viserys Targaryen-
63%
King Daeron I Targaryen Prince Viserys Targaryen-
63%
King Aegon II Targaryen Ser Criston Colethe Kingmaker
63%
King Jaehaerys I Targaryen Prince Baelon TargaryenThe Spring Prince
53%
King Jaehaerys I Targaryen Septon Barth-
43%
King Viserys I Targaryen Lord Lyonel Strong-
41%
Claimant: King Stannis I BaratheonLord Alester Florent-
40%
King Daeron II Targaryen Prince Valarr TargaryenThe Young Prince
39%
King Tommen I BaratheonSer Harys Swyft-
37%
King Aerys II Targaryen Wisdom Rossart-
37%
King Aegon III Targaryen Ser Tyland Lannister-
34%
King Tommen I BaratheonLord Orton Merryweather-
33%
King Jaehaerys I Targaryen Ser Ryam Redwyne-
33%
King Aerys II Targaryen Lord Qarlton ChelstedThe mace-and-dagger Hand
30%
King Aerys II Targaryen Lord Owen MerryweatherThe Chuckler
29%
King Jaehaerys I Targaryen Lord Rogar Baratheon-
29%
King Maegor I TargaryenLord Lucas Harroway-
27%
King Aegon IV TargaryenLord Lucas Lothstonthe Pander
27%
King Aegon III Targaryen Lord Unwin Peake-
27%
King Jaehaerys II Targaryen Lord Ormund Baratheon-
26%
King Aenys I Targaryen Lord Alyn Stokeworth-
21%
King Aegon I TargaryenLord Alyn Stokeworth-
21%
King Aegon III Targaryen Ser Torrhen Manderly-
21%
King Aegon I TargaryenLord Edwyn Tully -
20%
King Aenys I TargaryenSepton Murmison-
19%
King Aegon I TargaryenSer Osmund Strong-
19%
King Aegon III Targaryen Grand Maester Munkun-
17%
King Daeron II Targaryen Lord Ambrose ButterwellOld Milkblood
17%
King Aegon III Targaryen Lord Thaddeus Rowan-
17%
King Aegon III Targaryen Ser Marston Waters-
17%
King Maegor I TargaryenLord Edwell Celtigar-
16%
King Jaehaerys II Targaryen Edgar Sloane-
13%

Score Distribution

Percentile by Number Answered

Percent of People with Each Score

Your Score History

You have not taken this quiz